Marketing industrial molasses in the United States / (Record no. 12163)

MARC details
000 -LEADER
fixed length control field 00823cam a22002651a 4500
001 - CONTROL NUMBER
control field agr67000067
003 - CONTROL NUMBER IDENTIFIER
control field DLC
005 - DATE AND TIME OF LATEST TRANSACTION
control field 20260227111026.0
008 - FIXED-LENGTH DATA ELEMENTS--GENERAL INFORMATION
fixed length control field 780518s1966 dcu bs f000 0 eng
010 ## - LIBRARY OF CONGRESS CONTROL NUMBER
LC control number agr67000067
035 ## - SYSTEM CONTROL NUMBER
System control number (OCoLC)3906404
040 ## - CATALOGING SOURCE
Original cataloging agency DLC
Transcribing agency N
Modifying agency DNAL
-- OCoLC
-- DLC
042 ## - AUTHENTICATION CODE
Authentication code premarc
043 ## - GEOGRAPHIC AREA CODE
Geographic area code n-us---
050 00 - LIBRARY OF CONGRESS CALL NUMBER
Classification number HD9119.M65
Item number L3
070 0# - NATIONAL AGRICULTURAL LIBRARY CALL NUMBER
Classification number A281.9
Item number Ag83E no.327
072 0# - SUBJECT CATEGORY CODE
Subject category code E700
100 1# - MAIN ENTRY--PERSONAL NAME
Personal name Larkin, L. C.
Fuller form of name (Lawrence Clark),
Dates associated with a name 1916-
245 10 - TITLE STATEMENT
Title Marketing industrial molasses in the United States /
Statement of responsibility, etc. by L.C. Larkin.
260 ## - PUBLICATION, DISTRIBUTION, ETC.
Place of publication, distribution, etc. Washington, D.C. :
Name of publisher, distributor, etc. Economic Research Service, U.S. Dept. of Agriculture,
Date of publication, distribution, etc. 1966.
300 ## - PHYSICAL DESCRIPTION
Extent iv, 15 p. ;
Dimensions 26 cm.
440 #0 - SERIES STATEMENT/ADDED ENTRY--TITLE
Title ERS ;
Volume/sequential designation 327
504 ## - BIBLIOGRAPHY, ETC. NOTE
Bibliography, etc. note Includes bibliographical references.
650 #0 - SUBJECT ADDED ENTRY--TOPICAL TERM
Topical term or geographic name entry element Molasses
Geographic subdivision United States
General subdivision Marketing.

No items available.

Powered by Koha